Managerial finance (Record no. 82524)

MARC details
000 -LEADER
fixed length control field 00607nam a2200145 a 4500
008 - FIXED-LENGTH DATA ELEMENTS--GENERAL INFORMATION
fixed length control field 120416s1997 xx |||||||||||||| || u
050 ## - LIBRARY OF CONGRESS CALL NUMBER
Classification number HG 4026 Par
100 ## - MAIN ENTRY--PERSONAL NAME
Personal name Parkinson, Alan
245 10 - TITLE STATEMENT
Title Managerial finance
260 ## - PUBLICATION, DISTRIBUTION, ETC.
Date of publication, distribution, etc. 1997
300 ## - PHYSICAL DESCRIPTION
Extent : ill.
350 ## -
-- 0.00
995 ## -
-- MAIN LIBRARY OPEN ACCESS
-- 0.00
-- 730124
-- CBU-MAIN LIBRARY (Kitwe)
-- 1
-- 14.95
-- HG 4026 Par
-- 1
-- AVAILABLE
-- 027100
-- Main Library Open Access Collection
995 ## -
-- MAIN LIBRARY OPEN ACCESS
-- 0.00
-- 730125
-- CBU-MAIN LIBRARY (Kitwe)
-- 1
-- 0.00
-- HG 4026 Par
-- 2
-- AVAILABLE
-- Nov 20, 2007
-- 027099
-- Main Library Open Access Collection
999 ## -
-- 82524
-- 82524
Holdings
Withdrawn status Lost status Source of classification or shelving scheme Damaged status Not for loan Permanent Location Current Location Shelving location Date acquired Total Checkouts Full call number Barcode Date last seen Copy number Price effective from Koha item type
          CBU-MAIN LIBRARY, KITWE. CBU-MAIN LIBRARY, KITWE.   09/29/2023   HG 4026 Par 027100 09/29/2023 1 09/29/2023 MONOGRAPH
          CBU-MAIN LIBRARY, KITWE. CBU-MAIN LIBRARY, KITWE.   09/29/2023   HG 4026 Par 027099 09/29/2023 2 09/29/2023 MONOGRAPH